|
|
|
|
| LEADER |
00000nab a2200000 a 4500 |
| 001 |
vtls009453960 |
| 003 |
SK-MaSNL |
| 005 |
20260303053602.0 |
| 008 |
081210|2008 xo wrz r 000 0 slo |
| 015 |
|
|
|a SNBRB2008/12
|2 kevkjb
|
| 038 |
|
|
|a KEVKJB
|
| 040 |
|
|
|a KEVKJB
|b slo
|c KEVKJB
|e AACR2
|
| 041 |
0 |
|
|a slo
|
| 044 |
|
|
|a xo
|c SK
|
| 080 |
|
|
|a 78.079
|x (437.6)
|2 2001
|
| 080 |
|
|
|a 784.66
|x (437.6)
|2 2001
|
| 100 |
1 |
|
|a Vidová, Daniela
|4 aut
|9 267788
|
| 245 |
1 |
0 |
|a Na slávikovi nič nové
|b divácke ocenenia si podelili stálice slovenskej populárnej hudby Zuzana Smatanová, Peter Cmorík a skupina Desmod
|c Daniela Vidová
|
| 300 |
|
|
|b Obr.
|
| 611 |
2 |
7 |
|a Slávik
|n (11. :
|d 2008 :
|c Bratislava, Slovensko)
|2 kevkjb
|9 1046355
|
| 650 |
0 |
7 |
|a populárna hudba
|z Slovensko
|2 kevkjb
|9 650386
|
| 650 |
0 |
7 |
|a ankety
|2 kevkjb
|9 29502
|
| 651 |
|
7 |
|a Slovensko
|x populárna hudba
|2 kevkjb
|9 1046356
|
| 773 |
0 |
|
|t Markíza
|g Roč. XI, č. 49 (2008), s. 24-25
|x 1335-2776
|
| 852 |
|
|
|a KEVKJB
|b KIS3GCP
|
| 999 |
|
|
|c 1719821
|d 1721751
|